Nezamestnanosť poklesla, ale predpokladá sa, že študenti opäť "vylepšia" čísla

Bibliographic Details
Main Author: Juriš, Robert (Author)
Corporate Author: Národný úrad práce#Okresný úrad práce (Stará Ľubovňa, Slovensko) (Author)
Format: Article
Language:Slovak
Subjects:

MARC

LEADER 00000nab a2200000 a 4500
001 vtls001028985
003 SK-MaSNL
005 20260303040037.0
008 040720e20010623xo 0 slo
035 |a SL7539 
040 |a SLLK  |b slo  |c SLLK  |e AACR2 
041 0 |a slo 
044 |a xo  |c SK 
080 |a 331.5  |2 1981 
100 1 |a Juriš, Robert  |4 aut  |9 275933 
245 1 0 |a Nezamestnanosť poklesla, ale predpokladá sa, že študenti opäť "vylepšia" čísla 
610 2 7 |a Národný úrad práce  |b Okresný úrad práce (Stará Ľubovňa, Slovensko)  |2 SLLK  |9 1022397 
650 0 7 |a nezamestnanosť  |2 SLLK  |9 4271 
650 0 7 |a vývoj  |2 SLLK  |9 276727 
650 0 7 |a informácie  |2 SLLK  |9 1285 
651 7 |a Stará Ľubovňa (Slovensko)  |2 SLLK  |9 19193 
651 7 |a SL,  |2 SLLK  |9 1022390 
655 7 |a periodikum  |2 snkbucl  |9 29553 
710 2 |a Národný úrad práce#Okresný úrad práce (Stará Ľubovňa, Slovensko)  |4 aut  |9 1022398 
773 0 8 |t Tatranský denník  |g Roč. 3, č.144, 23.6.2001, s. 1 
852 |a ZVYKNI  |b KIS3GCP 
999 |c 1680163  |d 1682093